<?xml version="1.0" encoding="UTF-8"?>
<record
    xmlns:xsi="http://www.w3.org/2001/XMLSchema-instance"
    xsi:schemaLocation="http://www.loc.gov/MARC21/slim http://www.loc.gov/standards/marcxml/schema/MARC21slim.xsd"
    xmlns="http://www.loc.gov/MARC21/slim">

  <leader>00939nam a22002537a 4500</leader>
  <controlfield tag="005">20170123162336.0</controlfield>
  <datafield tag="010" ind1=" " ind2=" ">
    <subfield code="a">A-794869</subfield>
  </datafield>
  <datafield tag="020" ind1=" " ind2=" ">
    <subfield code="c">100.00</subfield>
  </datafield>
  <datafield tag="035" ind1=" " ind2=" ">
    <subfield code="a">A-794869</subfield>
  </datafield>
  <datafield tag="037" ind1=" " ind2=" ">
    <subfield code="b">Cen Lib/Ret</subfield>
  </datafield>
  <datafield tag="040" ind1=" " ind2=" ">
    <subfield code="a">DPL</subfield>
    <subfield code="b">UR</subfield>
  </datafield>
  <datafield tag="082" ind1=" " ind2=" ">
    <subfield code="a">841.08</subfield>
    <subfield code="b">&#x622; &#x63A; &#x627; </subfield>
  </datafield>
  <datafield tag="100" ind1=" " ind2=" ">
    <subfield code="a">&#x633;&#x6CC;&#x62F; &#x641;&#x6CC;&#x636;&#x627;&#x646; &#x62D;&#x633;&#x646; </subfield>
    <subfield code="9">109141</subfield>
  </datafield>
  <datafield tag="245" ind1=" " ind2=" ">
    <subfield code="a">&#x622;&#x63A;&#x627; &#x634;&#x627;&#x639;&#x631; &#x642;&#x6CC;&#x632;&#x644;&#x628;&#x627;&#x634;&#x6CC; &#x62F;&#x6C1;&#x644;&#x648;&#x6CC; : </subfield>
    <subfield code="c">&#x633;&#x6CC;&#x62F; &#x641;&#x6CC;&#x636;&#x627;&#x646; &#x62D;&#x633;&#x646; </subfield>
    <subfield code="b">&#x634;&#x62E;&#x635;&#x6CC;&#x62A; &#x627;&#x648;&#x631; &#x634;&#x627;&#x639;&#x631;&#x6CC; /</subfield>
  </datafield>
  <datafield tag="246" ind1=" " ind2=" ">
    <subfield code="a">Agha shair Qizilbash Dehlvi : shakhsiyat aur shairi /</subfield>
    <subfield code="b">by Sayed faizan Hasan </subfield>
  </datafield>
  <datafield tag="260" ind1=" " ind2=" ">
    <subfield code="a">&#x62F;&#x6C1;&#x644;&#x6CC; </subfield>
    <subfield code="b">&#x633;&#x6CC;&#x62F; &#x641;&#x6CC;&#x636;&#x627;&#x646; &#x62D;&#x633;&#x646; </subfield>
    <subfield code="c">1995</subfield>
  </datafield>
  <datafield tag="270" ind1=" " ind2=" ">
    <subfield code="b">&#x62F;&#x6C1;&#x644;&#x6CC; </subfield>
    <subfield code="a">&#x662;&#x662;&#x660;&#x666;&#x60C; &#x646;&#x6CC;&#x627; &#x645;&#x648;&#x6C1;&#x644;&#x644;&#x6C1; &#x6AF;&#x644;&#x6CC;-&#x642;&#x633;&#x645; &#x62E;&#x627;&#x646; &#x628;&#x644;&#x6CC;&#x645;&#x631;&#x627;&#x646; </subfield>
    <subfield code="e">110006</subfield>
  </datafield>
  <datafield tag="300" ind1=" " ind2=" ">
    <subfield code="a">256p.</subfield>
    <subfield code="c">21cm(Hb)</subfield>
  </datafield>
  <datafield tag="650" ind1=" " ind2=" ">
    <subfield code="a"> &#x627;&#x62F;&#x628; - &#x627;&#x631;&#x62F;&#x648;</subfield>
    <subfield code="9">124088</subfield>
  </datafield>
  <datafield tag="650" ind1=" " ind2=" ">
    <subfield code="a">  &#x627;&#x631;&#x62F;&#x648; &#x634;&#x627;&#x639;&#x631;&#x6CC;</subfield>
    <subfield code="9">124089</subfield>
  </datafield>
  <datafield tag="650" ind1=" " ind2=" ">
    <subfield code="a">Literature -- Urdu </subfield>
    <subfield code="9">124090</subfield>
  </datafield>
  <datafield tag="650" ind1=" " ind2=" ">
    <subfield code="a">Urdu poetry </subfield>
    <subfield code="9">124091</subfield>
  </datafield>
  <datafield tag="942" ind1=" " ind2=" ">
    <subfield code="2">ddc</subfield>
    <subfield code="c">UR</subfield>
    <subfield code="h">841.08</subfield>
    <subfield code="m">&#x622; &#x63A; &#x627; </subfield>
  </datafield>
  <datafield tag="999" ind1=" " ind2=" ">
    <subfield code="c">108135</subfield>
    <subfield code="d">108135</subfield>
  </datafield>
  <datafield tag="952" ind1=" " ind2=" ">
    <subfield code="0">0</subfield>
    <subfield code="1">0</subfield>
    <subfield code="4">0</subfield>
    <subfield code="7">0</subfield>
    <subfield code="a">L</subfield>
    <subfield code="b">L</subfield>
    <subfield code="d">2016-01-14</subfield>
    <subfield code="e">Cen Lib/Ret</subfield>
    <subfield code="g">100.00</subfield>
    <subfield code="l">0</subfield>
    <subfield code="o">841.08 &#x622; &#x63A; &#x627;</subfield>
    <subfield code="p">A-794869</subfield>
    <subfield code="r">2016-01-14 00:00:00</subfield>
    <subfield code="t">1</subfield>
    <subfield code="v">100.00</subfield>
    <subfield code="w">2016-01-14</subfield>
    <subfield code="y">UR</subfield>
  </datafield>
</record>
